| 000 | 00977nam a22002537a 4500 | ||
|---|---|---|---|
| 005 | 20240530110606.0 | ||
| 008 | 161105s2013 ua a g b 000 0 ara d | ||
| 017 |
_a2013/21513 _bمصر. دار الكتب |
||
| 020 | _a9772329441 | ||
| 040 |
_aEG-CaGPL _cEG-CaGPL |
||
| 082 | 0 | 4 |
_221 _a378\ _bم إ |
| 100 | 0 | _aمجدى عزيز ابراهيم . | |
| 245 | 1 | 0 |
_aابداعات التعليم الجامعى : _bمنظومة التحدى لتحقيق التقدم / _cمجدى عزيز ابراهيم . |
| 250 | _aط.1 | ||
| 260 |
_aالقاهرة : _bعالم الكتب ، _c2013 . |
||
| 300 |
_a251 ص ؛ _c24 سم . |
||
| 490 | 0 |
_aسلسلة ابداعات تعليمية تعلمية ؛ _v8 |
|
| 504 | _aببليوجرافية : ص 245 -251 | ||
| 650 | 0 | 7 |
_2qrmak _aالتعليم الجامعى . |
| 650 | 0 | 7 |
_2qrmak _aالبحث العلمى . |
| 650 | 0 | 7 |
_2qrmak _aالتعليم العالى . |
| 942 |
_2ddc _cBK |
||
| 999 |
_c62754 _d62754 |
||